000
00320nam a22001457a 4500
003
SGT
020
_a
9780385339032
082
_a
808.23
_b
FIE
100
_a
FIELD SYD
245
_a
SCREENPLAY THE FOUNDATIONS OF SCREENWRITING
260
_a
USA
_c
2022
_b
BANTAM DELL
300
_a
319
650
_a
BJMC
942
_2
ddc
_c
BK
999
_c
32129
_d
32129